All 7 Letter Words that Begin With A - Statistics

General Stats
  • This quiz has been taken 16 times
  • The average score is 144 of 2344
Answer Stats
% Correct
applied
85%
applier
85%
actions
77%
appoint
77%
arrests
77%
adoring
69%
allowed
69%
anchors
69%
angling
69%
answers
69%
appears
69%
appends
69%
applies
69%
armours
69%
aborted
62%
accents
62%
adorned
62%
adverse
62%
advisor
62%
alerted
62%
amassed
62%
amended
62%
amplify
62%
angrier
62%
animals
62%
appeals
62%
approve
62%
ascends
62%
attains
62%
Augusts
62%
abreast
54%
accords
54%
addicts
54%
address
54%
adjoins
54%
adopted
54%
adopter
54%
adulted
54%
affords
54%
alarmed
54%
alerter
54%
amasses
54%
amazing
54%
amusers
54%
amusing
54%
angered
54%
anglers
54%
arching
54%
armored
54%
arrange
54%
arrowed
54%
ascents
54%
attacks
54%
availed
54%
averted
54%
avoided
54%
avoider
54%
abducts
46%
ability
46%
abounds
46%
abscond
46%
absolve
46%
accrued
46%
accrues
46%
accused
46%
accuser
46%
accuses
46%
achieve
46%
adapted
46%
adapter
46%
admires
46%
adverts
46%
adviser
46%
advises
46%
ailment
46%
airport
46%
alights
46%
aligned
46%
aligner
46%
allayed
46%
alleyed
46%
altered
46%
ambling
46%
amongst
46%
amounts
46%
angelic
46%
antlers
46%
armpits
46%
artists
46%
atriums
46%
attends
46%
attuned
46%
awfully
46%
awnings
46%
abdomen
38%
abiding
38%
aborter
38%
abusing
38%
acclaim
38%
accosts
38%
account
38%
acquire
38%
actings
38%
adjects
38%
adjourn
38%
adjusts
38%
admirer
38%
adorers
38%
Advents
38%
affects
38%
affixed
38%
affixes
38%
affront
38%
against
38%
airline
38%
airways
38%
alledge
38%
alloyed
38%
alright
38%
amasser
38%
amender
38%
amulets
38%
animate
38%
anklets
38%
annoyed
38%
anthill
38%
anybody
38%
appease
38%
apports
38%
archers
38%
arguers
38%
arguing
38%
arrears
38%
asserts
38%
assumed
38%
assumer
38%
assumes
38%
astound
38%
attempt
38%
attests
38%
attunes
38%
audible
38%
augment
38%
avenger
38%
avenues
38%
average
38%
awkward
38%
abating
31%
abetted
31%
abiders
31%
abrades
31%
absents
31%
abusers
31%
accepts
31%
acidity
31%
acquits
31%
actuate
31%
adamant
31%
adipose
31%
admired
31%
advance
31%
adverbs
31%
advices
31%
advised
31%
affirms
31%
afflict
31%
ageless
31%
agility
31%
agitate
31%
airings
31%
albinos
31%
alimony
31%
alluded
31%
alludes
31%
allured
31%
allures
31%
amblers
31%
amorous
31%
ampules
31%
anchovy
31%
angrily
31%
annoint
31%
annoyer
31%
another
31%
antenna
31%
apposes
31%
apprise
31%
apprize
31%
Arabian
31%
areolas
31%
argents
31%
armadas
31%
armless
31%
armorer
31%
arrises
31%
arrives
31%
arsenic
31%
artiste
31%
aspects
31%
aspired
31%
assigns
31%
assists
31%
assorts
31%
assured
31%
assures
31%
athlete
31%
atomics
31%
attache
31%
attired
31%
attires
31%
augured
31%
aunties
31%
austere
31%
autisms
31%
avarice
31%
avenged
31%
avenges
31%
awakens
31%
awesome
31%
azaleas
31%
abalone
23%
abaters
23%
ableist
23%
abraded
23%
abrader
23%
abridge
23%
abseils
23%
absence
23%
absorbs
23%
accedes
23%
accrual
23%
actives
23%
actress
23%
adaptor
23%
addling
23%
adepter
23%
adeptly
23%
adjoint
23%
adjunct
23%
admiral
23%
aerials
23%
affairs
23%
affines
23%
aground
23%
aimless
23%
airiest
23%
alarmer
23%
alcohol
23%
alcoves
23%
algebra
23%
aliened
23%
alleged
23%
alleges
23%
allergy
23%
alpacas
23%
alpines
23%
amiable
23%
amperes
23%
anginas
23%
angular
23%
annuals
23%
antique
23%
anxious
23%
anytime
23%
Apaches
23%
apogees
23%
apology
23%
apostle
23%
appalls
23%
apposed
23%
Arabics
23%
archive
23%
arduous
23%
arising
23%
arouses
23%
arrival
23%
arrived
23%
arteria
23%
artisan
23%
artless
23%
ashtray
23%
asinine
23%
aspirer
23%
aspires
23%
assails
23%
assurer
23%
atheist
23%
attorns
23%
authors
23%
Automat
23%
autumns
23%
avatars
23%
abandon
15%
abasing
15%
ableism
15%
abolish
15%
abortus
15%
abrases
15%
abscess
15%
abstain
15%
absurds
15%
abusive
15%
abysses
15%
acacias
15%
academe
15%
academy
15%
acceded
15%
acetone
15%
acridly
15%
adduces
15%
adenoid
15%
adhered
15%
adulate
15%
affable
15%
affrays
15%
aflower
15%
agendas
15%
aggress
15%
agilely
15%
agonies
15%
agonise
15%
agonize
15%
airless
15%
airpark
15%
airplay
15%
airship
15%
Alaskan
15%
albedos
15%
alcoved
15%
alfalfa
15%
aliases
15%
allonge
15%
allover
15%
allurer
15%
aloofly
15%
already
15%
alterer
15%
alumnus
15%
amazons
15%
ambient
15%
amenity
15%
analogs
15%
analyst
15%
analyze
15%
anatomy
15%
anchory
15%
Angelus
15%
angster
15%
Anguses
15%
aniseed
15%
annatto
15%
annexes
15%
anteing
15%
anthrax
15%
anymore
15%
anyways
15%
apieces
15%
applaud
15%
aproned
15%
aquatic
15%
Aramaic
15%
arbored
15%
arcades
15%
archery
15%
archine
15%
archway
15%
arctics
15%
argyles
15%
armlets
15%
armoire
15%
arousal
15%
aroused
15%
arraign
15%
arriver
15%
artwork
15%
assents
15%
astride
15%
astuter
15%
atoning
15%
atrophy
15%
attract
15%
auburns
15%
audited
15%
auditor
15%
auricle
15%
auspice
15%
Aussies
15%
autocar
15%
aviates
15%
avocets
15%
awaited
15%
awarded
15%
awarder
15%
Aaronic
8%
abashed
8%
abetter
8%
abigail
8%
abjured
8%
abjurer
8%
abjures
8%
abluted
8%
ablutes
8%
abrased
8%
abraser
8%
absinth
8%
abuelas
8%
abuelos
8%
abuttal
8%
abutted
8%
abutter
8%
abysmal
8%
accidia
8%
accidie
8%
accolle
8%
accompt
8%
accurse
8%
accurst
8%
acreage
8%
acrider
8%
acrobat
8%
acroses
8%
actines
8%
activin
8%
acumens
8%
adagies
8%
adagios
8%
addaxes
8%
addends
8%
adduced
8%
adducer
8%
adducts
8%
adheres
8%
adjured
8%
adjurer
8%
adjures
8%
adoptee
8%
adorant
8%
adrenal
8%
advened
8%
advenes
8%
advisal
8%
advisee
8%
aerated
8%
Aerians
8%
aerobic
8%
aerosol
8%
affaire
8%
affeers
8%
affined
8%
afforce
8%
affused
8%
affuses
8%
Afghans
8%
African
8%
ageisms
8%
agender
8%
aginner
8%
agnoses
8%
agonist
8%
agrised
8%
agrises
8%
aidless
8%
airboat
8%
airhead
8%
airlift
8%
airmail
8%
airtime
8%
aisling
8%
Aladdin
8%
albinal
8%
alchemy
8%
alibied
8%
alibies
8%
alienee
8%
alining
8%
alkanes
8%
allegro
8%
allenes
8%
allette
8%
alliins
8%
allises
8%
alliums
8%
alloses
8%
allying
8%
almanac
8%
almonds
8%
alongst
8%
alumina
8%
alumnae
8%
alumnal
8%
alveoli
8%
amalgam
8%
ambitty
8%
ambitus
8%
ambones
8%
amental
8%
amiably
8%
aminals
8%
amities
8%
ammines
8%
amoebas
8%
amphibs
8%
anagram
8%
analogy
8%
Andreae
8%
Andrias
8%
android
8%
anemone
8%
anemony
8%
aneurin
8%
angelin
8%
angelon
8%
anginal
8%
Anglian
8%
Anglist
8%
Angolan
8%
angoras
8%
angsted
8%
angulus
8%
annexed
8%
anoints
8%
anomaly
8%
anthems
8%
anthers
8%
anticus
8%
antings
8%
antlion
8%
antsier
8%
anuries
8%
anxiety
8%
apatite
8%
aphides
8%
aplombs
8%
apnoeas
8%
applots
8%
apricot
8%
aptness
8%
aquaria
8%
aquated
8%
aquates
8%
aquifer
8%
aramids
8%
Arantas
8%
arbiter
8%
arbores
8%
arbours
8%
arcaded
8%
arcadia
8%
archaei
8%
archils
8%
archins
8%
ardency
8%
argylls
8%
armband
8%
armfuls
8%
Armoric
8%
armoury
8%
armrest
8%
arouser
8%
arrayal
8%
arrayed
8%
arrayer
8%
arrided
8%
arrides
8%
Artemis
8%
article
8%
artiest
8%
arugula
8%
ascetic
8%
ashamed
8%
ashiest
8%
ashless
8%
askable
8%
askance
8%
asperge
8%
asperse
8%
aspirin
8%
assault
8%
assises
8%
assizes
8%
assumpt
8%
astrier
8%
astroid
8%
atheism
8%
atlases
8%
atomies
8%
atomise
8%
atomist
8%
atomize
8%
attines
8%
auberge
8%
auction
8%
audibly
8%
audings
8%
augurer
8%
aureous
8%
auroral
8%
auroras
8%
autists
8%
autocue
8%
autoing
8%
aviated
8%
aviator
8%
aviling
8%
avocado
8%
avowals
8%
avowers
8%
avowing
8%
awaking
8%
awardee
8%
azimuth
8%
azurean
8%
aasvoel
0%
Ababdas
0%
Ababdeh
0%
abacate
0%
abacaxi
0%
abacist
0%
abacots
0%
abactor
0%
abaculi
0%
Abaddon
0%
Abadite
0%
abaisse
0%
abashes
0%
Abashev
0%
abasias
0%
abassis
0%
abators
0%
abaxial
0%
Abbadid
0%
Abbasid
0%
abbasis
0%
abbozzi
0%
abbozzo
0%
abduced
0%
abduces
0%
Abelams
0%
abelian
0%
abelias
0%
abelite
0%
Abenaki
0%
Abenlen
0%
abettor
0%
abeyant
0%
abfarad
0%
abhenry
0%
abience
0%
abilaos
0%
abillas
0%
abiotic
0%
abiuret
0%
abjoint
0%
abjudge
0%
abkaris
0%
abkarys
0%
ablachs
0%
ablated
0%
ablates
0%
ablator
0%
ablauts
0%
ableeze
0%
Abnakis
0%
abogado
0%
abomasa
0%
Abongos
0%
aborded
0%
abortin
0%
abought
0%
aboulia
0%
aboulic
0%
Abraham
0%
Abramis
0%
abraums
0%
abraxas
0%
abrazos
0%
abreact
0%
abrines
0%
abroach
0%
abronia
0%
abrosia
0%
abscind
0%
abscise
0%
absciss
0%
absumed
0%
absumes
0%
abubble
0%
abulias
0%
aburton
0%
abusage
0%
abusees
0%
abusion
0%
abustle
0%
abusuas
0%
abvolts
0%
abyeing
0%
abyssal
0%
Acacian
0%
acaciin
0%
Acadian
0%
acajous
0%
acaleph
0%
acantha
0%
acanthi
0%
acapnia
0%
acardia
0%
acarian
0%
Acarida
0%
acarids
0%
Acarina
0%
acarine
0%
acaroid
0%
acaters
0%
acaudal
0%
acausal
0%
Acawais
0%
Acaxees
0%
accinge
0%
accited
0%
accites
0%
accloys
0%
accoast
0%
accrete
0%
accusal
0%
acedias
0%
acephal
0%
acepots
0%
acequia
0%
Acerata
0%
acerate
0%
acerber
0%
acerbic
0%
acerola
0%
acerose
0%
acerous
0%
acetals
0%
acetate
0%
acetify
0%
acetins
0%
acetize
0%
acetoin
0%
acetols
0%
acetose
0%
acetous
0%
acetyls
0%
Achaean
0%
Achaeta
0%
Achagua
0%
Achaian
0%
Achangs
0%
acharas
0%
acharya
0%
Achates
0%
achenes
0%
Acheron
0%
achiest
0%
achiote
0%
achiral
0%
achiras
0%
achkans
0%
acholia
0%
acholic
0%
Acholis
0%
achores
0%
achroma
0%
achuete
0%
achylia
0%
acicula
0%
acidify
0%
acidize
0%
acidoid
0%
acidyls
0%
aciform
0%
Acineta
0%
acinose
0%
acinous
0%
acknown
0%
acknows
0%
aclases
0%
aclasis
0%
aclinal
0%
acmaeas
0%
acmatic
0%
Acmeism
0%
acmeist
0%
acmites
0%
acoasma
0%
acoines
0%
Acolhua
0%
acolyte
0%
Acomans
0%
aconine
0%
aconite
0%
acontia
0%
acosmic
0%
acouchi
0%
acousma
0%
acquent
0%
acquest
0%
acquist
0%
acraein
0%
acrania
0%
Acrasia
0%
acrasin
0%
Acrasis
0%
acreman
0%
acremen
0%
acridan
0%
acridid
0%
acridyl
0%
acrinyl
0%
acroama
0%
Acrodus
0%
acrogen
0%
acronal
0%
acronym
0%
acroter
0%
acrylic
0%
acrylyl
0%
actable
0%
Actaeon
0%
actinal
0%
actinia
0%
actinic
0%
actinon
0%
actorly
0%
actuary
0%
Acuaria
0%
acuated
0%
acuates
0%
acuchis
0%
acuerdo
0%
aculeae
0%
aculeus
0%
acushla
0%
acutely
0%
acutest
0%
acyclic
0%
acylals
0%
acylase
0%
acylate
0%
acyloin
0%
acyloxy
0%
acystic
0%
adamine
0%
adamite
0%
adangle
0%
Adanson
0%
adatoms
0%
adawing
0%
adawlut
0%
adaxial
0%
adazzle
0%
addable
0%
addenda
0%
addible
0%
Addison
0%
additur
0%
addlins
0%
addulce
0%
adeemed
0%
Adelges
0%
adelgid
0%
Adelies
0%
adelite
0%
adenase
0%
adenine
0%
adenoma
0%
adenose
0%
adenous
0%
adenyls
0%
adermin
0%
adfroze
0%
adharma
0%
adhesin
0%
adhibit
0%
adhorts
0%
adiabat
0%
adiated
0%
adiates
0%
adibasi
0%
adience
0%
Adighes
0%
Adinida
0%
adinkra
0%
adinole
0%
adipate
0%
adipoyl
0%
adipsia
0%
adipyls
0%
aditios
0%
adjudge
0%
adjuror
0%
adlayer
0%
Adlumia
0%
Admetus
0%
admixed
0%
admixes
0%
adnexal
0%
adnexed
0%
Adonais
0%
adonian
0%
adonics
0%
adonins
0%
adonize
0%
adradii
0%
adrenin
0%
adsmith
0%
adsorbs
0%
adspeak
0%
adultly
0%
Advaita
0%
advects
0%
advowee
0%
adwares
0%
Adzhars
0%
adzukis
0%
aecidia
0%
aedeagi
0%
aedeses
0%
aediles
0%
aegagri
0%
aegises
0%
Aelurus
0%
aenachs
0%
aeneous
0%
aenigma
0%
aeolian
0%
Aeolics
0%
aeolids
0%
aeolina
0%
aeoline
0%
Aeolism
0%
aeonian
0%
aeonium
0%
Aequian
0%
aerates
0%
aerator
0%
Aerides
0%
aeriest
0%
aerobar
0%
aerobat
0%
aerobes
0%
aerobia
0%
aerobot
0%
aerogel
0%
aerotow
0%
aerugos
0%
Aeschna
0%
Aesopic
0%
aetatis
0%
aethers
0%
aetites
0%
afeared
0%
afernan
0%
affably
0%
affiant
0%
affiche
0%
affinal
0%
affixal
0%
affying
0%
afghani
0%
afreets
0%
Afridis
0%
Afropop
0%
Afshars
0%
aftmost
0%
aftosas
0%
agalaxy
0%
Agalena
0%
agalite
0%
Agallia
0%
agallop
0%
agamete
0%
agamids
0%
agamies
0%
agamoid
0%
agamont
0%
agamous
0%
agapeti
0%
agarics
0%
agarita
0%
agaroid
0%
agarose
0%
agarwal
0%
Agathin
0%
Agathis
0%
agatine
0%
agatize
0%
agavose
0%
agbadas
0%
ageable
0%
agelast
0%
agelong
0%
agendum
0%
agenize
0%
agentry
0%
ageusia
0%
ageusic
0%
Aggadah
0%
Aggadot
0%
aggrade
0%
aggrate
0%
aggrege
0%
aggroup
0%
agister
0%
agistor
0%
agitans
0%
agitato
0%
Aglossa
0%
aglucon
0%
aglycon
0%
Aglypha
0%
agnails
0%
agnates
0%
Agnatha
0%
agnatic
0%
Agneans
0%
agneaux
0%
agnized
0%
agnizes
0%
Agnoete
0%
Agnoite
0%
agnomen
0%
agnosia
0%
agnosis
0%
agnuses
0%
agogics
0%
agonism
0%
agouara
0%
agoutis
0%
agpaite
0%
agrafes
0%
agraffe
0%
agrapha
0%
agravic
0%
agreges
0%
agribiz
0%
Agrilus
0%
agritos
0%
Agrotis
0%
aguanos
0%
aguaras
0%
aguised
0%
aguises
0%
agunahs
0%
agyrias
0%
ahaaina
0%
ahadith
0%
aheight
0%
ahimsas
0%
Ahriman
0%
Ahtenas
0%
ahuatle
0%
ahuulas
0%
aiblins
0%
aidance
0%
aikanes
0%
aikidos
0%
ailanto
0%
ailding
0%
aileron
0%
ailette
0%
ailsyte
0%
Ailurus
0%
aimable
0%
Aimores
0%
ainhums
0%
airable
0%
airampo
0%
airbags
0%
airball
0%
airbill
0%
aircrew
0%
airdate
0%
Airdent
0%
airdock
0%
airdrop
0%
airfall
0%
airfare
0%
airflow
0%
Airfoam
0%
airfoil
0%
airglow
0%
airhole
0%
airjack
0%
airland
0%
airmark
0%
airmets
0%
airpost
0%
airshed
0%
airsick
0%
airting
0%
airview
0%
airward
0%
airwave
0%
Aissawa
0%
Aissors
0%
aitches
0%
aitions
0%
aitmeal
0%
aiwains
0%
ajangle
0%
Ajarian
0%
ajingle
0%
ajitter
0%
ajivika
0%
ajowans
0%
ajumble
0%
ajutage
0%
ajwains
0%
akaakai
0%
akaroas
0%
Akawais
0%
akeakes
0%
akeleys
0%
akepiro
0%
akerite
0%
akhrots
0%
akilter
0%
akinete
0%
Aklanon
0%
Akontae
0%
akroter
0%
akvavit
0%
Akwapim
0%
alabado
0%
alaeque
0%
Alaimus
0%
alaites
0%
alalias
0%
alalite
0%
alambic
0%
alameda
0%
alamort
0%
Alangan
0%
alanine
0%
alantin
0%
alanyls
0%
alapana
0%
alarums
0%
Alascan
0%
Alastor
0%
alation
0%
alaunds
0%
alaunts
0%
Alawite
0%
albacea
0%
albarco
0%
albetad
0%
Albians
0%
albinic
0%
Albions
0%
Albireo
0%
albites
0%
albitic
0%
albumen
0%
albumin
0%
albuses
0%
alcades
0%
alcaics
0%
alcaide
0%
alcalde
0%
alcanna
0%
alcayde
0%
alcazar
0%
alchera
0%
Alcidae
0%
alclads
0%
Alcmene
0%
alcogel
0%
alcopop
0%
Alcoran
0%
alcosol
0%
Alcyone
0%
alcyons
0%
aldines
0%
alditol
0%
aldoses
0%
Aldrich
0%
aldrins
0%
alecost
0%
alegars
0%
alegria
0%
alembic
0%
alemmal
0%
alencon
0%
alerces
0%
alerion
0%
alerses
0%
alertly
0%
alesans
0%
alethic
0%
Aletris
0%
alettes
0%
alevins
0%
alewife
0%
Alexian
0%
alexias
0%
alexine
0%
alexins
0%
alferez
0%
alfiona
0%
alfione
0%
alforja
0%
Alfuros
0%
algates
0%
algazel
0%
Algenib
0%
algesia
0%
algesic
0%
algetic
0%
Algoman
0%
Algomic
0%
Alibamu
0%
alicole
0%
alicorn
0%
alidade
0%
alienly
0%
alienor
0%
aliform
0%
Aligote
0%
aliipoe
0%
aliment
0%
alinota
0%
alipata
0%
aliquot
0%
alisier
0%
alismas
0%
alisons
0%
aliunde
0%
aliyahs
0%
aliyoth
0%
alizari
0%
aljamas
0%
aljamia
0%
alkalic
0%
alkalis
0%
alkanal
0%
alkanet
0%
alkanna
0%
alkanol
0%
alkaryl
0%
alkenes
0%
alkenna
0%
alkenyl
0%
alkides
0%
alkoxyl
0%
alkylic
0%
alkylol
0%
alkynes
0%
alkynyl
0%
Allasch
0%
alleles
0%
allelic
0%
allenic
0%
allgood
0%
allheal
0%
allices
0%
allicin
0%
allitic
0%
allness
0%
allobar
0%
allonym
0%
allotee
0%
alloxan
0%
allseed
0%
alluvia
0%
alluvio
0%
allylic
0%
almemar
0%
almemor
0%
almique
0%
almirah
0%
Almohad
0%
almoign
0%
almoins
0%
almondy
0%
almoner
0%
almonry
0%
almsman
0%
almsmen
0%
almuces
0%
almudes
0%
alnager
0%
alnages
0%
alnicos
0%
alnoite
0%
alnuses
0%
alodial
0%
alodium
0%
aloetic
0%
Alogian
0%
alogias
0%
alogism
0%
alonely
0%
Alonsoa
0%
Alopias
0%
Alorese
0%
aloysia
0%
alpeens
0%
Alphard
0%
Alpheus
0%
alphorn
0%
alpinia
0%
alpiste
0%
alpists
0%
alpland
0%
alrauns
0%
alroots
0%
Altaist
0%
altaite
0%
altcoin
0%
alterne
0%
alterum
0%
althaea
0%
altheas
0%
althein
0%
althorn
0%
altilik
0%
Altmann
0%
altoist
0%
altrose
0%
altuses
0%
aludels
0%
alulets
0%
alumens
0%
alumite
0%
alumnor
0%
alunite
0%
alupags
0%
alvelos
0%
alveloz
0%
alveola
0%
alveole
0%
alveons
0%
alypine
0%
alypins
0%
alyssum
0%
amaases
0%
amabile
0%
amadous
0%
amakihi
0%
amakosa
0%
amalaka
0%
amaltas
0%
amamaus
0%
Amanaye
0%
amanded
0%
amandin
0%
Amanist
0%
amanita
0%
amanori
0%
amanous
0%
amaroid
0%
amarone
0%
amastia
0%
amateur
0%
amating
0%
amative
0%
amatols
0%
amatory
0%
amautas
0%
Amawaca
0%
amaxosa
0%
Amazona
0%
ambages
0%
ambalam
0%
ambaree
0%
ambaris
0%
ambatch
0%
ambeers
0%
ambiens
0%
amboina
0%
amboses
0%
amboyna
0%
ambrain
0%
ambrein
0%
ambries
0%
ambrite
0%
ambroid
0%
ambsace
0%
ambulia
0%
amebids
0%
ameboid
0%
amebula
0%
amentia
0%
amentum
0%
amerced
0%
amerces
0%
Amerika
0%
Amerind
0%
amerism
0%
amertoy
0%
amesace
0%
amesite
0%
Ameslan
0%
amgarns
0%
Amharic
0%
amicron
0%
amictic
0%
Amidahs
0%
amidase
0%
amidate
0%
amidine
0%
amidino
0%
Amidism
0%
Amidist
0%
amidols
0%
amidone
0%
amidoth
0%
amildar
0%
amimias
0%
aminase
0%
aminate
0%
aminize
0%
amirite
0%
Amishgo
0%
amitate
0%
amitraz
0%
Amiurus
0%
amixias
0%
ammeter
0%
ammonal
0%
Ammonea
0%
ammonia
0%
amnesia
0%
amnesic
0%
amnesty
0%
amnions
0%
Amniota
0%
amniote
0%
amoebae
0%
amoebic
0%
amoebid
0%
amomums
0%
amoraic
0%
amoraim
0%
amorini
0%
amorino
0%
amorist
0%
Amorite
0%
amoroso
0%
amorpha
0%
amorphi
0%
amorphs
0%
amorphy
0%
amosite
0%
amotion
0%
amoving
0%
Amoyese
0%
amparos
0%
amphids
0%
Amphion
0%
amphora
0%
amplest
0%
ampoule
0%
ampulla
0%
amputee
0%
amritas
0%
amsonia
0%
amtrack
0%
amtracs
0%
Amuesha
0%
amuguis
0%
Amusgos
0%
amusias
0%
amusive
0%
amyelia
0%
amylase
0%
amylene
0%
amyloid
0%
amylose
0%
amylums
0%
amyrins
0%
amyroot
0%
anabata
0%
anaboly
0%
anadems
0%
anaemia
0%
anaemic
0%
anagama
0%
anagens
0%
anagoge
0%
anagogy
0%
anahaos
0%
anahaus
0%
Anaheim
0%
anality
0%
analoga
0%
analyse
0%
analyte
0%
anamite
0%
Ananias
0%
Ananino
0%
Ananism
0%
Anankes
0%
ananyms
0%
anapest
0%
anaphor
0%
anapsid
0%
anaquas
0%
anarchs
0%
anarchy
0%
anaryas
0%
Anasazi
0%
anaspid
0%
anatase
0%
anatids
0%
anatine
0%
anatman
0%
anattas
0%
anaudia
0%
anaxial
0%
anchusa
0%
ancient
0%
ancilia
0%
ancilla
0%
Ancobar
0%
anconal
0%
anconei
0%
ancones
0%
ancress
0%
Ancylus
0%
Andakis
0%
Andaman
0%
andante
0%
Andaqui
0%
Andeans
0%
Andhran
0%
Andhras
0%
andiamo
0%
Andinos
0%
andiron
0%
Andokes
0%
Andrena
0%
andrite
0%
aneling
0%
anemias
0%
anergia
0%
anergic
0%
aneroid
0%
anesone
0%
anestri
0%
anethum
0%
aneuchs
0%
Aneyzes
0%
Anezehs
0%
Angaite
0%
angakok
0%
Angamis
0%
angaria
0%
angekok
0%
angelet
0%
angelim
0%
angelot
0%
angerly
0%
Angevin
0%
angicos
0%
angilds
0%
angioid
0%
angioma
0%
anglice
0%
anglify
0%
angolar
0%
Angonis
0%
angrite
0%
Anguina
0%
anguine
0%
anguish
0%
Anguloa
0%
anhimas
0%
anhinga
0%
anhydro
0%
aniccas
0%
anicuts
0%
anidian
0%
anigher
0%
anights
0%
anilaos
0%
anilaus
0%
anilide
0%
aniliid
0%
aniline
0%
anility
0%
animato
0%
Animiki
0%
animism
0%
animist
0%
animoso
0%
anionic
0%
anisate
0%
Anisian
0%
anisole
0%
anisums
0%
anither
0%
anklong
0%
anklung
0%
ankuses
0%
ankusha
0%
ankyrin
0%
anlaces
0%
anlagen
0%
anlages
0%
anlaute
0%
anlauts
0%
annates
0%
anneals
0%
annelid
0%
annexin
0%
annicut
0%
annotto
0%
annuary
0%
annuity
0%
annular
0%
annules
0%
annulet
0%
annulus
0%
anobiid
0%
anobing
0%
Anobium
0%
anoderm
0%
anodize
0%
anodons
0%
anodyne
0%
anoeses
0%
anoesia
0%
anoesis
0%
anoetic
0%
anolyte
0%
Anomala
0%
anomers
0%
anomias
0%
anomies
0%
anomite
0%
Anomura
0%
anonang
0%
anonyma
0%
anonyms
0%
anopsia
0%
anoraks
0%
anorchi
0%
anormal
0%
anosmia
0%
anosmic
0%
anoxias
0%
anquera
0%
Ansarie
0%
ansated
0%
Anseres
0%
anserin
0%
Antacea
0%
antacid
0%
Antaean
0%
antapex
0%
Antares
0%
antbear
0%
antbird
0%
Antedon
0%
antefix
0%
anthias
0%
anthine
0%
Anthony
0%
anthryl
0%
antiair
0%
antiars
0%
antickt
0%
anticly
0%
anticor
0%
anticum
0%
antient
0%
antifas
0%
antiflu
0%
antifog
0%
antifur
0%
antigay
0%
antigen
0%
antijam
0%
antilog
0%
antisex
0%
antisun
0%
antitax
0%
antivax
0%
antiwar
0%
antoeci
0%
antonym
0%
antwren
0%
anubing
0%
anubins
0%
anunder
0%
anurans
0%
anurias
0%
anurous
0%
anywhen
0%
anywise
0%
aonachs
0%
aorists
0%
aoudads
0%
apadana
0%
apagoge
0%
Apalais
0%
apanage
0%
apandry
0%
Apantos
0%
aparejo
0%
apastra
0%
apathia
0%
Apayaos
0%
apeiron
0%
apelets
0%
apelike
0%
apeling
0%
apercus
0%
apereas
0%
aperies
0%
apertly
0%
aphagia
0%
aphakia
0%
aphakic
0%
aphasia
0%
aphasic
0%
aphelia
0%
aphemia
0%
apheses
0%
aphesis
0%
aphetas
0%
aphetic
0%
Aphidae
0%
aphodal
0%
aphodus
0%
aphonia
0%
aphonic
0%
aphotic
0%
aphrite
0%
aphthae
0%
aphthic
0%
aphylly
0%
aphyric
0%
Apiacas
0%
Apician
0%
apiculi
0%
Apinaye
0%
apioles
0%
apioses
0%
apishly
0%
apitong
0%
aplanat
0%
aplasia
0%
aplenty
0%
aplites
0%
aplitic
0%
aplomes
0%
Aplysia
0%
apnoeic
0%
apochae
0%
apocope
0%
apocyte
0%
apodema
0%
apodeme
0%
apodize
0%
apodous
0%
apogaic
0%
apogamy
0%
apogeal
0%
apogean
0%
apogeic
0%
apogeny
0%
apohyal
0%
Apoidea
0%
apojove
0%
apolune
0%
apomict
0%
apomixy
0%
apoplex
0%
apopyle
0%
aporiae
0%
aporias
0%
Aporosa
0%
aporose
0%
aposeme
0%
aposoro
0%
apostil
0%
apothem
0%
apotome
0%
apotype
0%
apozema
0%
apozems
0%
apparat
0%
apparel
0%
appaume
0%
appeach
0%
apperil
0%
applets
0%
approof
0%
appulse
0%
apraxia
0%
apraxic
0%
Aprismo
0%
Aprista
0%
Aprocta
0%
apropos
0%
aprotic
0%
apsidal
0%
apsides
0%
aptamer
0%
apterae
0%
apteral
0%
apteran
0%
apteria
0%
apteryx
0%
Aptiana
0%
aptychi
0%
Apulian
0%
apyrase
0%
apyrene
0%
apyrexy
0%
apyrous
0%
aquafer
0%
Aquarii
0%
aquavit
0%
aqueous
0%
aquiver
0%
arabans
0%
arabica
0%
Arabise
0%
Arabism
0%
Arabist
0%
Arabize
0%
arables
0%
aracari
0%
Araceae
0%
arachin
0%
arachis
0%
aradids
0%
arahant
0%
araires
0%
araised
0%
araises
0%
araliad
0%
aralias
0%
aralkyl
0%
Aramean
0%
aramina
0%
Arandas
0%
Araneae
0%
araneid
0%
Araneus
0%
arangas
0%
Araonas
0%
Arapaho
0%
Arapesh
0%
arariba
0%
araroba
0%
arastra
0%
Araucan
0%
Araujia
0%
Araunas
0%
Arawaks
0%
arawana
0%
arbacia
0%
arbiths
0%
arblast
0%
arboral
0%
arborer
0%
arboret
0%
arbusta
0%
arbutes
0%
arbutin
0%
arbutus
0%
Arcacea
0%
arcanum
0%
arcella
0%
archaea
0%
archaic
0%
Archean
0%
archest
0%
archeus
0%
archfoe
0%
archies
0%
Archips
0%
archons
0%
archsee
0%
Arcidae
0%
arcsine
0%
arctiid
0%
Arctium
0%
arctoid
0%
arcuale
0%
arcuate
0%
arcuses
0%
ardella
0%
ardisia
0%
ardoise
0%
ardrigh
0%
areally
0%
areared
0%
areaway
0%
Arecuna
0%
areitos
0%
Arekuna
0%
arenite
0%
areolae
0%
areolar
0%
areoles
0%
areolet
0%
argalis
0%
argasid
0%
arghans
0%
arghool
0%
arghoul
0%
Argidae
0%
arginyl
0%
Argiope
0%
Argives
0%
Argobba
0%
argulus
0%
argyria
0%
argyric
0%
Arhuaco
0%
Ariadne
0%
Aricara
0%
aricuri
0%
aridest
0%
aridity
0%
Arieses
0%
arietta
0%
Ariidae
0%
Arikara
0%
arilled
0%
arillus
0%
arimasp
0%
ariosos
0%
aripple
0%
arisaid
0%
Arisaka
0%
aristae
0%
aristas
0%
aristoi
0%
aristos
0%
arkites
0%
arkoses
0%
arkosic
0%
Arlengs
0%
armaria
0%
Armenic
0%
Armeria
0%
armhole
0%
armiger
0%
armilla
0%
armills
0%
armitas
0%
armlike
0%
armload
0%
armlock
0%
armrack
0%
armscye
0%
armseye
0%
armsful
0%
armures
0%
arnatta
0%
arnatto
0%
Arnauts
0%
Arnebia
0%
arnicas
0%
arnotta
0%
arnotto
0%
Aroacos
0%
aroeira
0%
arolium
0%
arollas
0%
aroosha
0%
arourae
0%
arowana
0%
Arpanet
0%
arpeggi
0%
arpents
0%
arracks
0%
arramed
0%
arrames
0%
Arrawak
0%
arrayan
0%
arrents
0%
arridge
0%
arriero
0%
arrobas
0%
arrondi
0%
arroyos
0%
Arsacid
0%
arsenal
0%
arshine
0%
arshins
0%
arsines
0%
arsling
0%
arsoite
0%
artemia
0%
artemon
0%
arthral
0%
arthron
0%
artiads
0%
artsier
0%
artsman
0%
artsmen
0%
artware
0%
aruanas
0%
Arubans
0%
Aruncus
0%
Arundel
0%
Aruntas
0%
arushas
0%
aruspex
0%
Arverni
0%
arylate
0%
arylene
0%
arylide
0%
aryloxy
0%
asadero
0%
Asaphic
0%
Asaphus
0%
asarfis
0%
asarone
0%
asarons
0%
asarota
0%
asarphi
0%
asarums
0%
asbolan
0%
ascared
0%
ascarid
0%
ascaris
0%
asceses
0%
ascesis
0%
Aschiza
0%
Aschoff
0%
ascians
0%
Ascidia
0%
ascites
0%
ascitic
0%
ascones
0%
ascribe
0%
asculae
0%
Ascyrum
0%
aseethe
0%
aseitas
0%
asellus
0%
asepses
0%
asepsis
0%
aseptic
0%
asexual
0%
Ashango
0%
Ashanti
0%
ashcake
0%
Asherah
0%
Asherim
0%
ashfall
0%
ashiver
0%
ashkoko
0%
ashlars
0%
ashpans
0%
ashpits
0%
ashrafi
0%
ashrama
0%
ashrams
0%
Ashuras
0%
asiagos
0%
Asianic
0%
Asiarch
0%
asiento
0%
asilids
0%
Asimina
0%
asimmer
0%
asinego
0%
askarel
0%
askaris
0%
askeses
0%
askesis
0%
asklent
0%
aslaked
0%
aslakes
0%
asocial
0%
asonant
0%
asphalt
0%
asphyxy
0%
aspidia
0%
asprawl
0%
aspread
0%
Aspredo
0%
asquint
0%
asquirm
0%
asramas
0%
assacus
0%
assagai
0%
assapan
0%
assarts
0%
assayed
0%
assayer
0%
assegai
0%
asselfs
0%
asserta
0%
assever
0%
assiege
0%
assizer
0%
assless
0%
assoils
0%
Assonia
0%
assuage
0%
assuror
0%
asswage
0%
astacin
0%
Astarte
0%
astasia
0%
astatic
0%
Astbury
0%
astelic
0%
asteria
0%
asthmas
0%
asthore
0%
astilbe
0%
astonys
0%
astrain
0%
astrand
0%
astream
0%
astrers
0%
astrict
0%
astrild
0%
astrose
0%
astylar
0%
asuangs
0%
asudden
0%
asunder
0%
Asurini
0%
asuwang
0%
aswangs
0%
asylees
0%
asylums
0%
atabals
0%
atabegs
0%
atabeks
0%
Atacama
0%
atactic
0%
ataghan
0%
Atakapa
0%
Atalala
0%
Atalans
0%
atamans
0%
ataraxy
0%
Atarois
0%
ataunto
0%
atavism
0%
atavist
0%
ataxias
0%
ataxite
0%
Atebrin
0%
atelier
0%
Atellan
0%
atemoya
0%
Aterian
0%
athames
0%
athanor
0%
athbash
0%
Athecae
0%
athecan
0%
atheize
0%
atheous
0%
athirst
0%
athodyd
0%
athrill
0%
athwart
0%
athymic
0%
Athyris
0%
atingle
0%
atiptoe
0%
atishoo
0%
atlatls
0%
atochas
0%
atocous
0%
atokous
0%
atomate
0%
atomism
0%
atonias
0%
atonies
0%
atopens
0%
atopies
0%
atopite
0%
Atorais
0%
atoxyls
0%
ATPases
0%
atresia
0%
atresic
0%
atretic
0%
atrocha
0%
atropia
0%
Atropos
0%
atsaras
0%
Atsinas
0%
attaboy
0%
attacca
0%
attacco
0%
attacus
0%
attaint
0%
Attalea
0%
Attalid
0%
attasks
0%
attelet
0%
Attidae
0%
attinge
0%
attrist
0%
attrite
0%
attrits
0%
Atuamis
0%
atypias
0%
atypism
0%
aubades
0%
aubaine
0%
aubains
0%
aubrite
0%
Aucaner
0%
auchten
0%
auctors
0%
aucubas
0%
Audaean
0%
Audians
0%
audient
0%
audiles
0%
audisms
0%
audists
0%
auditee
0%
Aufgabe
0%
auftakt
0%
augends
0%
augites
0%
augitic
0%
augural
0%
auguste
0%
augusti
0%
Aukaner
0%
auklets
0%
auldest
0%
aumagas
0%
aumakua
0%
auncels
0%
aurally
0%
auramin
0%
aurates
0%
aureate
0%
aureity
0%
aurelia
0%
aurenes
0%
aureola
0%
aureole
0%
aurific
0%
aurochs
0%
aurorae
0%
aurores
0%
auroxen
0%
auroxes
0%
ausform
0%
Aushars
0%
auslaut
0%
austral
0%
Austric
0%
ausubos
0%
autarch
0%
autarky
0%
auteurs
0%
autobio
0%
autobus
0%
autoist
0%
autopen
0%
autopsy
0%
auxeses
0%
auxesis
0%
auxetic
0%
auxinic
0%
avaling
0%
avanyos
0%
avanyus
0%
avarams
0%
Avarian
0%
Avarish
0%
avellan
0%
avenine
0%
avenins
0%
avernal
0%
averred
0%
Avertin
0%
Avestan
0%
avgases
0%
avicide
0%
avidins
0%
avidity
0%
avidyas
0%
avijjas
0%
avionic
0%
avodire
0%
avogram
0%
avowant
0%
Avoyels
0%
avulsed
0%
avulses
0%
Awadhis
0%
awanyus
0%
aweless
0%
awlwort
0%
awnless
0%
awnlets
0%
axially
0%
axicons
0%
Axifera
0%
axillae
0%
axillar
0%
axillas
0%
axinite
0%
axogamy
0%
axolotl
0%
axoneme
0%
axonost
0%
axopods
0%
axotomy
0%
axseeds
0%
Axumite
0%
axunges
0%
ayapana
0%
Aymaran
0%
Aymaras
0%
ayouses
0%
Ayyubid
0%
azafran
0%
Azandes
0%
azarole
0%
azelate
0%
Azevedo
0%
azharot
0%
Azilian
0%
azoimid
0%
Azorean
0%
azoteas
0%
Azraels
0%
Aztecan
0%
Aztecas
0%
azulejo
0%
azulene
0%
azulite
0%
azurite
0%
azygote
0%
azygous
0%
No matching quizzes found
Score Distribution
Percent of People with Each Score
Percentile by Number Answered
Your Score History
You have not taken this quiz